| 000 | 00524nam a2200157 i 4500 | ||
|---|---|---|---|
| 001 | 141272 | ||
| 003 | ES-MaACL | ||
| 005 | 20230906200247.0 | ||
| 007 | t| | ||
| 008 | 070920s1904 sp ||||1| spa d | ||
| 100 | 1 |
_aVillar Iglesias, Manuel. _9115092 |
|
| 245 | 1 | 0 |
_aContribución al estudio de la uretrotomia interna _b: tesis presentada para aspirar al grado de Doctor / _cpor Manuel Villar Iglesias. |
| 260 |
_aSantiago : _b[s.n.], _c1904 ( _fTip. Galaica) |
||
| 650 | 1 | 4 |
_aUretra. _917715 |
| 852 |
_aES-MaACL _jT-1132-F-7 |
||
| 999 |
_c141272 _d141272 |
||